[Event "71st RUS-ch Superfinal Women 2021"]
[Site "Ufa"]
[Date "2021.10.13"]
[Round "5.4"]
[White "Bivol, Alina"]
[Black "Gunina, Valentina"]
[Result "0-1"]
[WhiteElo "2392"]
[BlackElo "2462"]
[Annotator "TA"]
[PlyCount "86"]
[EventDate "2021.10.09"]
[EventType "tourn"]
[EventCountry "RUS"]
[SourceTitle "playchess.com"]
[Source "ChessBase"]
[SourceQuality "1"]

{[%evp 9,86,15,29,37,29,11,2,-8,-12,-46,-40,-39,-28,-56,-35,-127,-118,-112,
-120,-165,-168,-155,-152,-163,-81,-66,-70,-95,-65,-76,-39,-38,0,-68,-55,-143,
-74,-118,-129,-127,-129,-127,-137,-155,-53,-99,-60,-46,-47,-56,-10,0,0,-22,0,
-39,-40,-513,-471,-483,-435,-29985,-29984,-29986,-29987,-29987,-29988,-29988,
-29989,-29991,-29990,-29990,-29991,-29991,-29990,-29990,-29991,-29992,-997]} 1.
e4 c6 2. d4 d5 3. e5 c5 4. Nf3 cxd4 5. Nxd4 e6 6. Be3 {B12: Caro-Kann: Advance
Variation.} Nc6 7. Nxc6 bxc6 8. c3 {[#] The position is equal.} Ne7 $146 ({
Predecessor:} 8... Bd7 9. Bd3 Qb8 10. f4 Qxb2 11. O-O Qxa1 12. Qb3 Nh6 13. Nd2
Qxf1+ 14. Nxf1 c5 {0-1 (62) Triger,F (2220)-Michalet,G (2240) France 1996}) 9.
f4 g5 10. fxg5 Nf5 11. Bc1 h6 12. Qh5 (12. g4 $15 Nh4 13. gxh6) 12... Qc7 $17
13. g6 Qxe5+ 14. Be2 {next g4 is good for White.} fxg6 15. Qxg6+ Kd7 16. Kd1
Be7 (16... Bd6 $19 {and Black stays clearly on top.} 17. Bd3 Ne7) 17. Re1 Nh4
18. Qg4 h5 19. Qh3 Qf5 20. g4 $1 {[%cal Rg4f5]} Qe4 21. Nd2 (21. gxh5 $11 Rg8
22. h6) 21... Qg2 $1 $15 {[%cal Rg2h3]} 22. Qd3 (22. Qe3 $1 $15) 22... Qxh2 ({
Better is} 22... hxg4 {Threatens to win with ...Nf5.} 23. c4 Ba6) 23. Nf1 Qd6
24. Ne3 a5 $1 25. gxh5 Ba6 26. c4 {[#]} Rhf8 (26... Rhg8 $1 $17 27. Bd2 Rg3)
27. Kc2 e5 28. Bg4+ Ke8 29. Rf1 Rxf1 (29... e4 $5 {[%cal Re4d3]} 30. Rxf8+ Kxf8
$17) 30. Qxf1 e4 {And now ...d4 would win.} 31. h6 dxc4 32. Be2 ({Not} 32. Nxc4
$2 Qd3+ 33. Qxd3 exd3+ 34. Kxd3 Rd8+ 35. Ke2 (35. Kc3 $2 Bf6+ 36. Kb3 Rb8+ 37.
Nb6 Rxb6+ $19) 35... Bxc4+ $19) 32... Nf3 {Hoping for ...Nd4+.} 33. Nf5 {
[%mdl 8192] White does not recover from this.} (33. Bxc4 $15 Bc8 34. Qh1) 33...
Qh2 $19 {...c3! is the strong threat.} 34. Be3 {White wants to play Qf2.} c3
35. Bf2 {[#]} (35. Qf2 $19 Qxf2 36. Bxf2 Bxe2 37. Nxe7 cxb2 38. Rh1 Kxe7 39. h7
) 35... Rd8 $1 {Black mates.} 36. Rd1 Rxd1 {[%mdl 64] Overworked Piece} 37.
Kxd1 cxb2 {[%cal Rb2b1]} 38. Kc2 b1=Q+ 39. Qxb1 Qxf2 40. Qb8+ Kd7 41. Kb3 Nd2+
{[%mdl 64] Discovered Attack} 42. Ka4 {[#]} Qc5 $1 {[%csl Ge7][%cal Rc5a3]} 43.
Qb2 {[#]} (43. Nxe7 Bb5+) 43... Nc4 {Weighted Error Value: White=0.39/Black=0.
12} (43... Bf6 $142 $1 44. Qxd2+ {[%mdl 64] Double Attack} Bd3 45. Bxd3 Bc3 46.
Bc4+ Bxd2 47. Kb3 Qb4+ 48. Kc2 Qc3+ 49. Kd1 Qc1+ 50. Ke2 Qe1#) 0-1

[Event "71st RUS-ch Superfinal Women 2021"]
[Site "Ufa"]
[Date "2021.10.13"]
[Round "5.5"]
[White "Pogonina, Natalija"]
[Black "Bodnaruk, Anastasia"]
[Result "1-0"]
[WhiteElo "2467"]
[BlackElo "2415"]
[Annotator "ChessBase"]
[PlyCount "94"]
[EventDate "2021.10.09"]
[EventType "tourn"]
[EventCountry "RUS"]
[SourceTitle "playchess.com"]
[Source "ChessBase"]
[SourceQuality "1"]
[TimeControl "40/5400+30:1800+30"]

1. Nf3 {[%emt 0:00:07]} Nf6 {[%emt 0:00:12]} 2. c4 {[%emt 0:00:24]} g6 {
[%emt 0:00:10]} 3. Nc3 {[%emt 0:00:29]} Bg7 {[%emt 0:00:05]} 4. g3 {[%emt 0:00:
39]} O-O {[%emt 0:00:31]} 5. Bg2 {[%emt 0:00:08]} d6 {[%emt 0:00:51]} 6. O-O {
[%emt 0:00:20]} Nc6 {[%emt 0:00:28]} 7. d3 {[%emt 0:00:23]} e5 {[%emt 0:00:53]}
8. Rb1 {[%emt 0:00:23]} a5 {[%emt 0:01:10]} 9. b3 {[%emt 0:00:42]} h6 {[%emt 0:
04:03]} 10. Bb2 {[%emt 0:00:51]} Ne8 {[%emt 0:11:19]} 11. Nb5 {[%emt 0:18:50]}
f5 {[%emt 0:02:53]} 12. d4 {[%emt 0:04:22]} e4 {[%emt 0:01:22]} 13. Ne1 {
[%emt 0:01:34]} d5 {[%emt 0:04:14]} 14. Nc2 {[%emt 0:12:18]} Ne7 {[%emt 0:08:
47]} 15. Ne3 {[%emt 0:06:37]} c6 {[%emt 0:03:00]} 16. Nc3 {[%emt 0:00:42]} Nf6
{[%emt 0:21:54]} 17. cxd5 {[%emt 0:00:53]} cxd5 {[%emt 0:00:34]} 18. Ba3 {
[%emt 0:01:02]} Be6 {[%emt 0:01:59]} 19. Rc1 {[%emt 0:03:46]} g5 {[%emt 0:07:
50]} 20. Bh3 {[%emt 0:05:10]} g4 {[%emt 0:10:09]} 21. Bg2 {[%emt 0:00:04]} Rf7
{[%emt 0:01:23]} 22. f3 {[%emt 0:06:10]} gxf3 {[%emt 0:02:48]} 23. exf3 {
[%emt 0:00:10]} Nc6 {[%emt 0:01:01]} 24. Ne2 {[%emt 0:05:35]} exf3 {[%emt 0:00:
39]} 25. Bxf3 {[%emt 0:01:52]} Ne4 {[%emt 0:00:50]} 26. Bb2 {[%emt 0:00:19]}
Qb6 {[%emt 0:02:59]} 27. Kg2 {[%emt 0:00:50]} Rd8 {[%emt 0:04:46]} 28. Nf4 {
[%emt 0:05:00]} Ne7 {[%emt 0:03:06]} 29. Qd3 {[%emt 0:01:43]} Qd6 {[%emt 0:00:
58]} 30. Ba3 {[%emt 0:05:38]} Qxa3 {[%emt 0:02:14]} 31. Nxe6 {[%emt 0:00:06]}
Rd7 {[%emt 0:02:12]} 32. Nxg7 {[%emt 0:01:55]} Kxg7 {[%emt 0:00:11]} 33. Qb5 {
[%emt 0:05:30]} Nc6 {[%emt 0:00:45]} 34. Bxe4 {[%emt 0:06:27]} fxe4 {[%emt 0:
00:04]} 35. Qe2 {[%emt 0:00:06]} Nxd4 {[%emt 0:01:08]} 36. Qg4+ {[%emt 0:00:27]
} Kh7 {[%emt 0:00:04]} 37. Nxd5 {[%emt 0:01:28]} Qb2+ {[%emt 0:00:45]} 38. Kh3
{[%emt 0:02:33]} Nf3 {[%emt 0:00:35]} 39. Qxe4+ {[%emt 0:00:37]} Kg7 {[%emt 0:
00:02]} 40. Rxf3 {[%emt 0:00:00]} Qxc1 {[%emt 0:00:00]} 41. Qe5+ {[%emt 0:13:
02]} Kg6 {[%emt 0:05:23]} 42. Nf6 {[%emt 0:10:23]} Qd2 {[%emt 0:12:57]} 43.
Qf5+ {[%emt 0:02:05]} Kg7 {[%emt 0:00:08]} 44. Qh7+ {[%emt 0:00:05]} Kf8 {
[%emt 0:00:01]} 45. Qg8+ {[%emt 0:00:08]} Ke7 {[%emt 0:00:01]} 46. Qe8+ {
[%emt 0:00:08]} Kd6 {[%emt 0:00:06]} 47. Ne4+ {[%emt 0:00:06]} Kd5 1-0

[Event "71st RUS-ch Superfinal Women 2021"]
[Site "Ufa"]
[Date "2021.10.13"]
[Round "5.6"]
[White "Voit, Daria"]
[Black "Galliamova, Alisa"]
[Result "0-1"]
[WhiteElo "2357"]
[BlackElo "2421"]
[Annotator "TA"]
[PlyCount "132"]
[EventDate "2021.10.09"]
[EventType "tourn"]
[EventCountry "RUS"]
[SourceTitle "playchess.com"]
[Source "ChessBase"]
[SourceQuality "1"]

{[%evp 19,132,17,9,27,24,19,20,19,10,22,14,22,14,9,20,21,24,17,70,49,40,37,39,
35,29,25,35,0,0,0,0,-91,-42,-48,-55,-93,-33,-56,0,0,0,-10,-28,-33,-16,-39,-33,
-50,-39,-156,-138,-146,-142,-139,-145,-137,-12,-41,-13,-13,0,0,0,0,0,0,0,0,0,0,
0,0,0,-283,-279,-271,-279,-279,-277,-279,-272,-258,-161,-361,-349,-352,-348,
-347,-346,-347,-301,-277,-271,-269,0,-135,0,-350,-343,-345,-348,-368,-352,-395,
-404,-577,-523,-520,-447,-415,-345,-511,-319,-327,-315]} 1. d4 d5 2. c4 c6 3.
Nc3 Nf6 4. e3 e6 5. Nf3 Nbd7 6. Qc2 Bd6 7. Bd3 O-O 8. O-O dxc4 9. Bxc4 b5 10.
Bd3 Bb7 11. Ng5 {[%cal Rd3h7] Recently 11.e4 got a lot of attention. D46:
Semi-Slav: 5 e3 Nbd7 6 Bd3, Black avoids the Meran.} Bxh2+ 12. Kxh2 {[%cal
Rd3h7]} Ng4+ 13. Kg1 {The position is equal.} Qxg5 14. f3 $1 ({Don't play} 14.
Bxh7+ Kh8 $17) 14... Ngf6 ({Reject} 14... Nxe3 $6 15. Qe2 $16) 15. e4 Qh4 16.
Ne2 {[#]} Ne8 $146 ({Predecessor:} 16... Rfc8 17. Be3 a5 18. Rac1 b4 19. Qd2 h6
20. g3 Qh3 21. Rf2 e5 22. Rh2 Qe6 {1-0 (34) Moranda,W (2618)-Korchmar,V (2451)
Chess.com INT 2020}) 17. a4 a6 18. Bd2 {White wants to play Bb4.} Kh8 (18...
Nc7 $11) 19. g3 {[%mdl 1024] White has compensation.} Qe7 20. Kg2 e5 21. Rh1 f6
22. Rh2 g6 23. Rah1 Rf7 $1 24. Bc3 Nc7 25. Qd2 (25. Rh6 $11) 25... Ne6 26. axb5
axb5 27. Bb4 Qe8 (27... c5 $17 28. dxc5 Ndxc5) 28. d5 $15 Nef8 (28... Ng5 $15
29. Nc3 Nb6) 29. dxc6 $11 Bxc6 30. Bc2 Nb6 31. Qh6 Raa7 32. Bc5 Rab7 33. Nc3
Rg7 34. Nd5 (34. Bxb6 $15 Rxb6 35. Rh4) 34... Nxd5 35. exd5 Bxd5 36. Bxf8 Qxf8
37. Bxg6 Bg8 (37... Qd6 $1 $17 38. Rc1 e4 39. Bxe4 Rxg3+ 40. Kh1 Bxe4 41. fxe4
Qe6) 38. Bf5 Qd6 {...e4! is the strong threat.} 39. g4 Ra7 40. Rc1 Rac7 41.
Rhh1 Rc4 42. Rhd1 Qf8 {White must now prevent ...Rgxg4+!} 43. Rxc4 bxc4 44. Kh3
Rf7 45. Qe3 Rb7 46. Rd2 $2 {[%mdl 8192]} (46. Qc1 $11 {and White stays safe.})
46... Rb3 $19 47. Qe2 {[#]} Rxf3+ $1 {[%mdl 512]} 48. Qxf3 Qh6+ {[%mdl 64]
Double Attack} 49. Kg3 Qxd2 50. Qc6 {[%cal Rc6f6]} Qg5 51. Qe8 $2 (51. Kf2)
51... Qe3+ 52. Kg2 Qd2+ 53. Kh3 Qd6 ({Much less strong is} 53... Qxb2 54. Qd8
$19) 54. Qc8 Kg7 55. Qb7+ {[#]} Kh6 $1 56. Qc8 Kg7 (56... Qd5 $19 {Hoping for .
..Qf3+.} 57. Qf8+ {[%mdl 64] Double Attack} Kg5) 57. Qb7+ $17 Kh8 $2 (57... Bf7
$17 58. Bxh7 Qd5) 58. Qc8 $1 $19 Qe7 {Strongly threatening ...e4.} 59. Qc6 Kg7
60. Kg3 Qa7 61. Kf3 Bf7 62. Be4 (62. Be6 $142 Bxe6 63. Qxe6) 62... Qa1 63. Qb7
Qf1+ 64. Kg3 Qe1+ 65. Kf3 (65. Kh3 {keeps fighting.} Qe3+ 66. Bf3) 65... Qd1+
66. Kg3 Qb3+ {Weighted Error Value: White=0.25/Black=0.20} 0-1

[Event "71st RUS-ch Superfinal Women 2021"]
[Site "Ufa"]
[Date "2021.10.14"]
[Round "6.1"]
[White "Ovod, Evgenija"]
[Black "Galliamova, Alisa"]
[Result "1/2-1/2"]
[WhiteElo "2331"]
[BlackElo "2421"]
[Annotator "ChessBase"]
[PlyCount "100"]
[EventDate "2021.10.09"]
[EventType "tourn"]
[EventCountry "RUS"]
[SourceTitle "playchess.com"]
[Source "ChessBase"]
[SourceQuality "1"]
[TimeControl "40/5400+30:1800+30"]

{[%evp 0,100,19,31,34,19,13,17,4,11,14,21,18,-1,55,22,64,41,31,-13,-32,-29,18,
48,16,35,21,-2,32,21,40,32,81,51,72,50,58,60,70,39,50,45,37,48,47,48,42,47,51,
31,35,36,37,31,56,41,62,80,61,65,65,59,61,63,75,65,58,50,64,50,39,56,54,45,30,
33,23,17,33,23,66,9,0,0,0,0,0,0,-2,-10,-9,-12,-17,-17,-25,-23,0,-23,-23,-27,0,
-27,-27]} 1. e4 {[%emt 0:00:03]} e5 {[%emt 0:00:04]} 2. Nf3 {[%emt 0:00:04]}
Nc6 {[%emt 0:00:06]} 3. Bc4 {[%emt 0:00:06]} Nf6 {[%emt 0:00:07]} 4. d3 {
[%emt 0:00:06]} h6 {[%emt 0:00:19]} 5. O-O {[%emt 0:00:24]} d6 {[%emt 0:00:38]}
6. c3 {[%emt 0:00:15]} g6 {[%emt 0:02:34]} 7. d4 {[%emt 0:00:09]} Qe7 {[%emt 0:
01:37]} 8. Re1 {[%emt 0:08:21]} Bg7 {[%emt 0:02:04]} 9. dxe5 {[%emt 0:03:19]}
Nxe5 {[%emt 0:01:11]} 10. Nxe5 {[%emt 0:01:16]} Qxe5 {[%emt 0:10:27]} 11. Nd2 {
[%emt 0:00:10]} O-O {[%emt 0:00:41]} 12. Nf3 {[%emt 0:08:42]} Qc5 {[%emt 0:00:
29]} 13. Qb3 {[%emt 0:00:37]} c6 {[%emt 0:18:43]} 14. Be3 {[%emt 0:16:24]} Qa5
{[%emt 0:03:12]} 15. Bf4 {[%emt 0:12:08]} b5 {[%emt 0:03:45]} 16. Bf1 {[%emt 0:
08:52]} d5 {[%emt 0:10:03]} 17. exd5 {[%emt 0:05:24]} Nxd5 {[%emt 0:00:09]} 18.
Be5 {[%emt 0:00:05]} Qb6 {[%emt 0:06:30]} 19. c4 {[%emt 0:07:31]} bxc4 {
[%emt 0:01:06]} 20. Bxc4 {[%emt 0:00:07]} Qxb3 {[%emt 0:15:51]} 21. Bxb3 {
[%emt 0:00:10]} Rd8 {[%emt 0:01:16]} 22. Rac1 {[%emt 0:02:52]} Bb7 {[%emt 0:01:
19]} 23. Bxg7 {[%emt 0:09:18]} Kxg7 {[%emt 0:00:05]} 24. Ne5 {[%emt 0:00:08]}
Rac8 {[%emt 0:01:03]} 25. Nd3 {[%emt 0:00:17]} Rc7 {[%emt 0:03:47]} 26. f3 {
[%emt 0:04:02]} Bc8 {[%emt 0:01:44]} 27. Re5 {[%emt 0:01:45]} Be6 {[%emt 0:07:
59]} 28. Nc5 {[%emt 0:00:27]} Kf6 {[%emt 0:00:34]} 29. Nxe6 {[%emt 0:05:08]}
fxe6 {[%emt 0:00:06]} 30. Re4 {[%emt 0:00:04]} g5 {[%emt 0:01:24]} 31. g3 {
[%emt 0:00:19]} Rd6 {[%emt 0:01:12]} 32. Kf2 {[%emt 0:00:31]} Rb7 {[%emt 0:01:
14]} 33. Rd1 {[%emt 0:01:53]} Ke7 {[%emt 0:02:17]} 34. Ke2 {[%emt 0:01:30]} a5
{[%emt 0:00:26]} 35. h4 {[%emt 0:01:04]} Rb5 {[%emt 0:01:00]} 36. hxg5 {
[%emt 0:00:52]} hxg5 {[%emt 0:00:04]} 37. Rd2 {[%emt 0:01:35]} Rb8 {[%emt 0:00:
38]} 38. Ra4 {[%emt 0:02:07]} Rb5 {[%emt 0:01:38]} 39. Re4 {[%emt 0:01:01]} Nc7
{[%emt 0:01:19]} 40. Rxd6 {[%emt 0:00:00]} Kxd6 {[%emt 0:00:00]} 41. f4 {
[%emt 0:09:57]} gxf4 {[%emt 0:03:58]} 42. Rxf4 {[%emt 0:03:50]} Na6 {[%emt 0:
11:54]} 43. Rd4+ {[%emt 0:00:18]} Ke5 {[%emt 0:00:26]} 44. Rc4 {[%emt 0:05:58]}
Nc5 {[%emt 0:01:25]} 45. Bc2 {[%emt 0:00:30]} Kd5 {[%emt 0:05:17]} 46. b3 {
[%emt 0:00:07]} a4 {[%emt 0:01:44]} 47. Rc3 {[%emt 0:00:04]} Kd4 {[%emt 0:03:
40]} 48. Rc4+ {[%emt 0:00:26]} Kd5 {[%emt 0:00:05]} 49. Rc3 {[%emt 0:00:04]}
Kd4 {[%emt 0:00:13]} 50. Rc4+ {[%emt 0:00:19]} Kd5 {[%emt 0:00:04]} 1/2-1/2

[Event "71st RUS-ch Superfinal Women 2021"]
[Site "Ufa"]
[Date "2021.10.14"]
[Round "6.2"]
[White "Bodnaruk, Anastasia"]
[Black "Voit, Daria"]
[Result "1/2-1/2"]
[WhiteElo "2415"]
[BlackElo "2357"]
[Annotator "ChessBase"]
[PlyCount "79"]
[EventDate "2021.10.09"]
[EventType "tourn"]
[EventCountry "RUS"]
[SourceTitle "playchess.com"]
[Source "ChessBase"]
[SourceQuality "1"]
[TimeControl "40/5400+30:1800+30"]

1. e4 {[%emt 0:00:02]} c6 {[%emt 0:00:03]} 2. d4 {[%emt 0:00:05]} d5 {[%emt 0:
00:03]} 3. e5 {[%emt 0:00:07]} Bf5 {[%emt 0:00:07]} 4. Nf3 {[%emt 0:00:04]} e6
{[%emt 0:00:06]} 5. Be2 {[%emt 0:00:04]} c5 {[%emt 0:00:06]} 6. Be3 {[%emt 0:
01:21]} Qb6 {[%emt 0:00:13]} 7. Nc3 {[%emt 0:00:58]} Nc6 {[%emt 0:00:21]} 8.
Na4 {[%emt 0:01:08]} Qa5+ {[%emt 0:00:41]} 9. c3 {[%emt 0:00:05]} c4 {[%emt 0:
00:26]} 10. Nh4 {[%emt 0:01:39]} Bg6 {[%emt 0:08:48]} 11. b4 {[%emt 0:03:08]}
Qd8 {[%emt 0:00:42]} 12. g3 {[%emt 0:05:16]} b5 {[%emt 0:03:07]} 13. Nc5 {
[%emt 0:04:12]} Bxc5 {[%emt 0:02:18]} 14. bxc5 {[%emt 0:01:13]} Nge7 {[%emt 0:
17:17]} 15. O-O {[%emt 0:06:31]} Rb8 {[%emt 0:06:54]} 16. Qd2 {[%emt 0:07:55]}
b4 {[%emt 0:09:29]} 17. cxb4 {[%emt 0:01:28]} Rxb4 {[%emt 0:00:45]} 18. Nxg6 {
[%emt 0:04:14]} hxg6 {[%emt 0:00:41]} 19. Rab1 {[%emt 0:10:05]} Qb8 {[%emt 0:
13:47]} 20. Rxb4 {[%emt 0:06:04]} Qxb4 {[%emt 0:00:04]} 21. Qxb4 {[%emt 0:00:
32]} Nxb4 {[%emt 0:00:03]} 22. Rb1 {[%emt 0:00:48]} Nec6 {[%emt 0:01:10]} 23.
Bd1 {[%emt 0:09:13]} O-O {[%emt 0:01:36]} 24. Ba4 {[%emt 0:03:11]} Rb8 {
[%emt 0:01:09]} 25. a3 {[%emt 0:09:02]} Na6 {[%emt 0:00:50]} 26. Rxb8+ {
[%emt 0:00:22]} Naxb8 {[%emt 0:00:18]} 27. f4 {[%emt 0:09:50]} a6 {[%emt 0:03:
12]} 28. Kf2 {[%emt 0:01:56]} Na7 {[%emt 0:01:39]} 29. Bd2 {[%emt 0:05:22]}
Nbc6 {[%emt 0:07:21]} 30. Bc3 {[%emt 0:02:15]} Nb5 {[%emt 0:00:16]} 31. Bxb5 {
[%emt 0:00:04]} axb5 {[%emt 0:00:05]} 32. g4 {[%emt 0:00:51]} Kf8 {[%emt 0:10:
06]} 33. h4 {[%emt 0:01:08]} Ke8 {[%emt 0:04:14]} 34. Ke3 {[%emt 0:00:08]} Kd7
{[%emt 0:02:11]} 35. Be1 {[%emt 0:01:12]} Ke8 {[%emt 0:00:59]} 36. Bc3 {
[%emt 0:00:22]} Kd7 {[%emt 0:00:06]} 37. Be1 {[%emt 0:00:04]} Ke8 {[%emt 0:00:
05]} 38. Bc3 {[%emt 0:00:04]} Kd7 {[%emt 0:00:05]} 39. Be1 {[%emt 0:00:14]} Ke8
{[%emt 0:00:08]} 40. Bc3 {[%emt 0:00:00]} 1/2-1/2

[Event "71st RUS-ch Superfinal Women 2021"]
[Site "Ufa"]
[Date "2021.10.14"]
[Round "6.3"]
[White "Gunina, Valentina"]
[Black "Pogonina, Natalija"]
[Result "1/2-1/2"]
[WhiteElo "2462"]
[BlackElo "2467"]
[Annotator "ChessBase"]
[PlyCount "159"]
[EventDate "2021.10.09"]
[EventType "tourn"]
[EventCountry "RUS"]
[SourceTitle "playchess.com"]
[Source "ChessBase"]
[SourceQuality "1"]
[TimeControl "40/5400+30:1800+30"]

1. d4 {[%emt 0:00:05]} Nf6 {[%emt 0:00:06]} 2. c4 {[%emt 0:00:08]} e6 {[%emt 0:
00:08]} 3. Nf3 {[%emt 0:00:08]} d5 {[%emt 0:00:14]} 4. Nc3 {[%emt 0:00:08]} Be7
{[%emt 0:00:17]} 5. Bf4 {[%emt 0:00:14]} O-O {[%emt 0:02:09]} 6. e3 {[%emt 0:
00:35]} Nbd7 {[%emt 0:01:12]} 7. c5 {[%emt 0:00:11]} Nh5 {[%emt 0:00:35]} 8.
Bd3 {[%emt 0:00:13]} Nxf4 {[%emt 0:00:40]} 9. exf4 {[%emt 0:00:05]} b6 {
[%emt 0:00:16]} 10. b4 {[%emt 0:00:27]} a5 {[%emt 0:00:18]} 11. a3 {[%emt 0:00:
12]} c6 {[%emt 0:01:01]} 12. O-O {[%emt 0:00:28]} Qc7 {[%emt 0:00:17]} 13. g3 {
[%emt 0:00:06]} Ba6 {[%emt 0:00:10]} 14. Bxa6 {[%emt 0:00:09]} Rxa6 {[%emt 0:
00:05]} 15. Qe2 {[%emt 0:00:05]} Raa8 {[%emt 0:00:39]} 16. Na4 {[%emt 0:02:44]}
b5 {[%emt 0:14:25]} 17. Nb2 {[%emt 0:00:42]} Rfb8 {[%emt 0:02:31]} 18. Nd3 {
[%emt 0:00:47]} Ra7 {[%emt 0:01:08]} 19. Rfe1 {[%emt 0:14:20]} Bf6 {[%emt 0:15:
17]} 20. Nde5 {[%emt 0:01:48]} Nf8 {[%emt 0:17:48]} 21. Ra2 {[%emt 0:04:12]}
Ng6 {[%emt 0:05:53]} 22. h4 {[%emt 0:06:25]} Bxe5 {[%emt 0:07:58]} 23. dxe5 {
[%emt 0:04:32]} Rba8 {[%emt 0:00:19]} 24. Rb2 {[%emt 0:01:00]} axb4 {[%emt 0:
00:50]} 25. axb4 {[%emt 0:00:05]} Ne7 {[%emt 0:00:32]} 26. Nd4 {[%emt 0:00:31]}
Ra1 {[%emt 0:01:23]} 27. Rxa1 {[%emt 0:04:38]} Rxa1+ {[%emt 0:00:05]} 28. Kg2 {
[%emt 0:00:03]} Ra4 {[%emt 0:01:06]} 29. h5 {[%emt 0:05:24]} Nf5 {[%emt 0:06:
33]} 30. Nf3 {[%emt 0:01:18]} Qd8 {[%emt 0:05:20]} 31. Qd3 {[%emt 0:01:58]} h6
{[%emt 0:00:44]} 32. Kh3 {[%emt 0:03:30]} Ra1 {[%emt 0:04:35]} 33. Rb1 {
[%emt 0:06:23]} Rxb1 {[%emt 0:04:05]} 34. Qxb1 {[%emt 0:00:06]} Qa8 {[%emt 0:
00:03]} 35. g4 {[%emt 0:12:18]} Qa3 {[%emt 0:00:11]} 36. Kg2 {[%emt 0:00:08]}
Ne7 {[%emt 0:00:12]} 37. f5 {[%emt 0:06:38]} Qc3 {[%emt 0:02:15]} 38. Kg3 {
[%emt 0:08:20]} Kh8 {[%emt 0:01:23]} 39. fxe6 {[%emt 0:09:09]} fxe6 {[%emt 0:
00:04]} 40. Qa2 {[%emt 0:00:00]} Kg8 {[%emt 0:00:00]} 41. Qd2 {[%emt 0:25:56]}
Qxd2 {[%emt 0:18:49]} 42. Nxd2 {[%emt 0:00:13]} d4 {[%emt 0:00:09]} 43. Kf4 {
[%emt 0:00:06]} Nd5+ {[%emt 0:02:54]} 44. Ke4 {[%emt 0:00:04]} Nxb4 {[%emt 0:
00:04]} 45. Kxd4 {[%emt 0:00:03]} Kf7 {[%emt 0:01:26]} 46. Nb3 {[%emt 0:01:36]}
Nd5 {[%emt 0:07:28]} 47. Ke4 {[%emt 0:00:08]} Ke7 {[%emt 0:02:50]} 48. f4 {
[%emt 0:01:23]} Nc3+ {[%emt 0:00:23]} 49. Kf3 {[%emt 0:00:25]} Kf7 {[%emt 0:05:
21]} 50. f5 {[%emt 0:01:33]} Nd5 {[%emt 0:00:05]} 51. Nd4 {[%emt 0:00:28]} exf5
{[%emt 0:00:02]} 52. gxf5 {[%emt 0:00:08]} Nb4 {[%emt 0:00:41]} 53. Ke4 {
[%emt 0:02:40]} Ke7 {[%emt 0:00:56]} 54. Ne6 {[%emt 0:00:26]} Kf7 {[%emt 0:00:
06]} 55. Kd4 {[%emt 0:00:57]} Kg8 {[%emt 0:01:30]} 56. Nc7 {[%emt 0:02:15]} Kf7
{[%emt 0:00:21]} 57. Kc3 {[%emt 0:01:29]} Na2+ {[%emt 0:00:05]} 58. Kd2 {
[%emt 0:01:59]} Nb4 {[%emt 0:00:17]} 59. Ne6 {[%emt 0:03:01]} Kg8 {[%emt 0:00:
48]} 60. Nf4 {[%emt 0:01:29]} Na6 {[%emt 0:02:14]} 61. Nd3 {[%emt 0:00:01]} Kf7
{[%emt 0:00:45]} 62. Kc3 {[%emt 0:00:04]} Ke7 {[%emt 0:00:21]} 63. Kd4 {
[%emt 0:01:37]} Kf7 {[%emt 0:00:04]} 64. e6+ {[%emt 0:00:59]} Kf6 {[%emt 0:00:
39]} 65. Ke4 {[%emt 0:01:12]} b4 {[%emt 0:00:16]} 66. Kd4 {[%emt 0:02:01]} b3 {
[%emt 0:00:09]} 67. Kc3 {[%emt 0:00:55]} Kxf5 {[%emt 0:00:54]} 68. e7 {[%emt 0:
00:05]} Nc7 {[%emt 0:00:03]} 69. Nb4 {[%emt 0:00:18]} Ke6 {[%emt 0:01:18]} 70.
Nxc6 {[%emt 0:00:41]} Kd7 {[%emt 0:00:27]} 71. Nd4 {[%emt 0:00:11]} Kxe7 {
[%emt 0:00:37]} 72. Kxb3 {[%emt 0:00:04]} Kf6 {[%emt 0:00:52]} 73. Kc4 {
[%emt 0:00:03]} g6 {[%emt 0:00:16]} 74. hxg6 {[%emt 0:02:00]} Kxg6 {[%emt 0:00:
05]} 75. Nb5 {[%emt 0:00:43]} Na6 {[%emt 0:00:52]} 76. c6 {[%emt 0:00:11]} h5 {
[%emt 0:00:07]} 77. Nc3 {[%emt 0:00:30]} Nc7 {[%emt 0:01:14]} 78. Nd5 {[%emt 0:
00:13]} Ne8 {[%emt 0:00:20]} 79. Nf4+ {[%emt 0:00:57]} Kg5 {[%emt 0:00:23]} 80.
Nxh5 {[%emt 0:00:12]} 1/2-1/2